Reflexiones sobre nuestros puentes : (Registro nro. 13562)

Detalles MARC
000 -CABECERA
Longitud fija campo de control 00826nam a2200181 a 4500
003 - • IDENTIFICADOR DELl NÚMERO DE CONTROL
Identificador del número de control CO-ViMGA
008 - • CÓDIGOS DE INFORMACIÓN DE LONGITUD FIJA
Códigos de información de longitud fija 141112s2004 ck r 000 u spa d
040 ## - FUENTE DE LA CATALOGACIÓN
Centro catalogador de origen CO-ViMGA
Lengua de catalogación spa
Centro transcriptor CO-ViMGA
082 04 - • NÚMERO DE LA CLASIFICACIÓN DECIMAL DEWEY
Número de clasificación (R) 624.2 R335
245 10 - • TITULO PROPIAMENTE DICHO
Título Reflexiones sobre nuestros puentes :
Resto del título programa Ingenieria XXI
300 ## - • DESCRIPCIÓN FÍSICA
Extensión 449 p : il
505 ## - • NOTA DE CONTENIDO CON FORMATO
Nota de contenido con formato Diseño de puentes y el argumento estetico 21 - - Diseño y construcción de puentes curvos 107 - - Estudios geotecnicos en la recuperación del puente sobre el río Cobaría 203 - - Análisis y diseño de un puente peatonal atirantado 257 - - Los puentes metálicos : Su historia y experiencia Colombiana 421
590 ## - NOTAS LOCALES
Nota local Ejemplares : 2
650 14 - • PUNTO DE ACCESO ADICIONAL DE MATERIA - TÉRMINO DE MATERIA
Término de materia o nombre geográfico como elemento inicial PUENTES COLOMBIANOS
942 ## - ENTRADA DE ELEMENTOS AGREGADOS (KOHA)
Fuente de clasificaión o esquema Dewey Decimal Classification
Koha [por defecto] tipo de item LIbro
Existencias
Perdido Fuente de clasificación o esquema Estado Físico No para préstamo Forma de adquisición Localización permanente Localización actual Fecha adquisición Serie de enumeración / cronolog&íacute;a Préstamos totales Signatura completa Código de barras Fecha última consulta Número de copia Fecha del precio de reemplazo Tipo de item de Koha
  Dewey Decimal Classification     Sala Especializada Tercer Piso Biblioteca Pública Germán Arciniegas - Villavicencio Biblioteca Pública Germán Arciniegas - Villavicencio 12/04/2015 Volumen. 1 | 11/jun/2009   624.2 R335 01359 12/04/2015 Ej. 1 12/04/2015 LIbro









Instituto Departamental de Cultura del Meta - Red Departamental de Bibliotecas Públicas del Meta.